L'Antiquité : Cahier d'exercices (notice n° 2197801)

détails MARC
000 -LEADER
fixed length control field 00795cam a2200133 4500500
005 - DATE AND TIME OF LATEST TRANSACTION
control field 20260405085450.0
041 ## - LANGUAGE CODE
Language code of text/sound track or separate title fre
042 ## - AUTHENTICATION CODE
Authentication code dc
100 10 - MAIN ENTRY--PERSONAL NAME
Personal name Avezou, Laurent
Relator term author
245 00 - TITLE STATEMENT
Title L'Antiquité : Cahier d'exercices
260 ## - PUBLICATION, DISTRIBUTION, ETC.
Name of publisher, distributor, etc. Armand Colin,<br/>
Date of publication, distribution, etc. 2016.<br/>
520 ## - SUMMARY, ETC.
Summary, etc. Testez vos connaissances sur l’Antiquité ! Où est né le premier alphabet ? Comment est mort Héraclès ? De qui Romulus et Remus sont-ils les fils ?De Sumer à Byzance, des Pharaons aux Grandes Invasions, replongez dans l’univers des mythes, des toges et autres calices, avec ce cahier d’exercices ludique et délicieusement illustré de vignettes authentiques et d’anecdotes pittoresques.
856 41 - ELECTRONIC LOCATION AND ACCESS
Uniform Resource Identifier <a href="https://shs.cairn.info/l-antiquite--9782200614089?lang=fr&redirect-ssocas=7080">https://shs.cairn.info/l-antiquite--9782200614089?lang=fr&redirect-ssocas=7080</a>

Pas d'exemplaire disponible.

PLUDOC

PLUDOC est la plateforme unique et centralisée de gestion des bibliothèques physiques et numériques de Guinée administré par le CEDUST. Elle est la plus grande base de données de ressources documentaires pour les Étudiants, Enseignants chercheurs et Chercheurs de Guinée.

Adresse

627 919 101/664 919 101

25 boulevard du commerce
Kaloum, Conakry, Guinée

Réseaux sociaux

Powered by Netsen Group @ 2025